[Event "MDA-ch"]
[Site "Kishinev"]
[Date "2021.02.20"]
[Round "1"]
[White "Sirghii, Alexandru"]
[Black "Petrenko, Svetlana"]
[Result "0-1"]
[WhiteElo "1227"]
[BlackElo "2030"]
[PlyCount "80"]
[EventDate "2021.02.20"]
[EventType "swiss"]
[EventRounds "9"]
[EventCountry "MDA"]
[SourceTitle "EXT 2022"]
[Source "ChessBase"]
[SourceDate "2021.10.06"]
[SourceVersion "1"]
[SourceVersionDate "2021.10.06"]
[SourceQuality "1"]

1. e4 c5 2. Nf3 d6 3. d4 cxd4 4. Nxd4 Nf6 5. Nc3 a6 6. Nf3 Nc6 7. Bf4 e5 8. Bg5 h6 9. Bxf6 Qxf6 10. Nd5 Qd8 11. Bc4 Be6 12. 0-0 Be7 13. Qd2 Na5 14. Bb3 Nxb3 15. axb3 Bxd5 16. Qxd5 Qd7 17. Rfd1 Qc7 18. c3 0-0 19. Ra4 Rab8 20. Rc4 Qb6 21. Rb4 Qa7 22. g3 Rfc8 23. Nh4 Bxh4 24. gxh4 Rc6 25. Rc4 Qb6 26. Rxc6 bxc6 27. Qxd6 Qxb3 28. Rd2 Qb5 29. h3 Re8 30. f3 Qb6+ 31. Kh2 Qe3 32. Rg2 Qxf3 33. Qxc6 Qf4+ 34. Kh1 Rd8 35. Qa4 Qxh4 36. Kh2 Rd3 37. Qe8+ Kh7 38. Rxg7+ Kxg7 39. Qxe5+ Qf6 40. Qxf6+ Kxf6 0-1